Priroda èstetičeskoj cennosti /

Uložené v:
Podrobná bibliografia
Hlavný autor: Stolovič, Leonid Naumovič, 1929- (Author)
Médium: Kniha
Jazyk:Russian
Vydané: Moskva : Izdatel´stvo političeskoj literatury, 1972.
Vydanie:1. izd.
ISBN: (brož.)
Fyzický popis: 270 s.
Tagy: Pridať tag
Žiadne tagy, Buďte prvý kto otaguje tento záznam!

MARC

LEADER 00000nam a2200000 a 4500
001 000425721
005 20130705184837.0
008 120814s1972 ru f 0 rus d
020 |a (brož.)  |c Kčs 3,40 
040 |a SVKKK  |b slo  |c SVKKK  |e AACR2 
041 0 |a rus  |b ru  |h RU 
100 1 |a Stolovič, Leonid Naumovič,  |d 1929-  |4 aut 
245 1 0 |a Priroda èstetičeskoj cennosti /  |c Leonid Naumovič Stolovič. 
250 |a 1. izd. 
260 |a Moskva :  |b Izdatel´stvo političeskoj literatury,  |c 1972. 
300 |a 270 s. 
910 |a svkkk 
998 |a BK 
090 |g SCKHL  |k Sklad Hlavná 10 suterén  |a I.41161  |j 485271  |i 2720631114  |s Absenčne